Učebnice: teorie a analýzy edukačního média příručka pro studenty, učitele, autory učebnic a výzkumné pracovníky

Salvato in:
Dettagli Bibliografici
Autore principale: Průcha, Jan
Natura: Libro
Lingua:ceco
Pubblicazione: Brno Paido - edice pedagogické literatury 1998
Soggetti:
Tags: Aggiungi Tag
Nessun Tag, puoi essere il primo ad aggiungerne!!

MARC

LEADER 00000nam$a2200000$$$4500
001 0038771
005 20240111125647.4
020 |a 80-85931-49-4 
041 0 |a cze 
044 |a CZ 
245 1 0 |a Učebnice: teorie a analýzy edukačního média  |b příručka pro studenty, učitele, autory učebnic a výzkumné pracovníky  |c Jan Průcha 
264 1 |a Brno  |b Paido - edice pedagogické literatury  |c 1998 
300 |a 148 s. 
610 2 0 |a vzdelávanie 
610 2 0 |a pedagogika 
610 2 0 |a výskum 
610 2 0 |a analýzy 
610 2 0 |a didaktika 
610 2 0 |a školy 
610 2 0 |a učitelia 
100 1 |a Průcha, Jan